000
00234nam a2200097Ia 4500
082
_a
EF PINN
245
0
_a
Rainmaker
100
_a
PINNOCK, Don Auckland Park, 2010
942
_c
BK
008
210817s9999 xx 000 0 und d
999
_c
213625
_d
213624